<?xml version="1.0" encoding="UTF-8"?>
<record
    xmlns:xsi="http://www.w3.org/2001/XMLSchema-instance"
    xsi:schemaLocation="http://www.loc.gov/MARC21/slim http://www.loc.gov/standards/marcxml/schema/MARC21slim.xsd"
    xmlns="http://www.loc.gov/MARC21/slim">

  <leader>02187nam a2200313 i 4500</leader>
  <controlfield tag="001">Rebiun37636527</controlfield>
  <controlfield tag="008">250205s2024    spc||||j |||| 0|0 f spa|</controlfield>
  <datafield tag="015" ind1=" " ind2=" ">
    <subfield code="a">LL2025 </subfield>
    <subfield code="2">bnc</subfield>
  </datafield>
  <datafield tag="017" ind1=" " ind2=" ">
    <subfield code="a">DL B 14256-2024, </subfield>
    <subfield code="b">Biblioteca de Catalunya</subfield>
  </datafield>
  <datafield tag="020" ind1=" " ind2=" ">
    <subfield code="a">9788410399013</subfield>
  </datafield>
  <datafield tag="040" ind1=" " ind2=" ">
    <subfield code="a">ES-BaBC </subfield>
    <subfield code="b">English</subfield>
    <subfield code="e">rda </subfield>
    <subfield code="c">ES-BaBC</subfield>
  </datafield>
  <datafield tag="041" ind1="1" ind2=" ">
    <subfield code="a">Spanish</subfield>
    <subfield code="h">German</subfield>
  </datafield>
  <datafield tag="100" ind1=" " ind2=" ">
    <subfield code="a">Tack, Stella </subfield>
    <subfield code="e">author</subfield>
    <subfield code="9">25845</subfield>
  </datafield>
  <datafield tag="240" ind1="1" ind2="0">
    <subfield code="a">T&#xF6;te die Dunkelheit. </subfield>
    <subfield code="l">Spanish</subfield>
  </datafield>
  <datafield tag="245" ind1="1" ind2="0">
    <subfield code="a">Muerte a la oscuridad </subfield>
    <subfield code="c">/ Stella Tack ; translated by Lidia Pelayo</subfield>
  </datafield>
  <datafield tag="264" ind1=" " ind2="1">
    <subfield code="a">Barcelona : </subfield>
    <subfield code="b">Inlov, </subfield>
    <subfield code="c">[2024]</subfield>
  </datafield>
  <datafield tag="300" ind1=" " ind2=" ">
    <subfield code="a">601 pages; </subfield>
    <subfield code="c">21 cm</subfield>
  </datafield>
  <datafield tag="490" ind1="1" ind2=" ">
    <subfield code="a">Black Bird Academy ; </subfield>
    <subfield code="v">1</subfield>
  </datafield>
  <datafield tag="500" ind1=" " ind2=" ">
    <subfield code="a">Stella Tack was born in 1995 in M&#xFC; nster and grew up in Bad Gastein, Austria. After completing her high school studies and training as a therapist, she began a prolific career as a fantasy and romance author. She currently has seventeen published books and has received several awards. Among them, the LovelyBooks Award for Best Fiction Book for Kiss Me Once in 2019 and Kiss Me Twice in 2020 stand out. More recently, in 2023, the LovelyBooks community awarded her the prize for Best Young Adult Book for Ever &amp; After. Today, she is one of the most popular authors in Germany.</subfield>
  </datafield>
  <datafield tag="520" ind1=" " ind2=" ">
    <subfield code="a">Black Bird Academy is no ordinary place. In this shadowy school, exorcists are trained to defend humanity from demons. When Leaf Yung awakens in a dungeon beneath Black Bird Academy, she can scarcely believe what the striking young man, Falco, tells her: that a demon possessed her moments after driving a dagger into her heart.</subfield>
  </datafield>
  <datafield tag="520" ind1=" " ind2=" ">
    <subfield code="a">La Academia Black Bird no es un lugar cualquiera. En esta escuela sombr&#xED;a se forman exorcistas para defender a la humanidad de los demonios. Cuando Leaf Yung despierta en un calabozo bajo la Academia Black Bird, apenas puede creer lo que le dice el apuesto joven Falco: un demonio la posey&#xF3; justo despu&#xE9;s de clavarle un pu&#xF1;al en el coraz&#xF3;n.</subfield>
  </datafield>
  <datafield tag="650" ind1=" " ind2="0">
    <subfield code="a">Exorcism</subfield>
    <subfield code="v">Fiction</subfield>
  </datafield>
  <datafield tag="650" ind1=" " ind2="0">
    <subfield code="a">Demons</subfield>
    <subfield code="v">Fiction</subfield>
  </datafield>
  <datafield tag="650" ind1=" " ind2="0">
    <subfield code="a">Magic</subfield>
    <subfield code="v">Fiction</subfield>
    <subfield code="9">24059</subfield>
  </datafield>
  <datafield tag="655" ind1=" " ind2="0">
    <subfield code="a">Paranormal fiction</subfield>
    <subfield code="9">22925</subfield>
  </datafield>
  <datafield tag="655" ind1=" " ind2="0">
    <subfield code="a">Fantasy fiction</subfield>
    <subfield code="9">22510</subfield>
  </datafield>
  <datafield tag="700" ind1=" " ind2=" ">
    <subfield code="a">Pelayo, Lidia, </subfield>
    <subfield code="e">translator</subfield>
    <subfield code="9">25848</subfield>
  </datafield>
  <datafield tag="942" ind1=" " ind2=" ">
    <subfield code="2">lcc</subfield>
  </datafield>
  <datafield tag="952" ind1=" " ind2=" ">
    <subfield code="0">0</subfield>
    <subfield code="1">0</subfield>
    <subfield code="2">lcc</subfield>
    <subfield code="4">0</subfield>
    <subfield code="7">0</subfield>
    <subfield code="a">TBS</subfield>
    <subfield code="b">TBS</subfield>
    <subfield code="d">2025-08-28</subfield>
    <subfield code="l">0</subfield>
    <subfield code="o">P-SP TAC</subfield>
    <subfield code="r">2025-08-28</subfield>
    <subfield code="t">1</subfield>
    <subfield code="w">2025-08-28</subfield>
    <subfield code="y">1</subfield>
    <subfield code="z">SOON AVAILABLE</subfield>
  </datafield>
  <datafield tag="999" ind1=" " ind2=" ">
    <subfield code="c">4903</subfield>
    <subfield code="d">4903</subfield>
  </datafield>
</record>
